[Event "Deutsche Ländermeisterschaft 2018"]
[Site "Würzburg GER"]
[Date "2018.10.03"]
[Round "1"]
[White "Böhm, Jana"]
[Black "Wagner, Margarethe"]
[Result "1-0"]
[Termination "normal"]
[Board "2.7"]
[WhiteElo "2001"]
[BlackElo "1643"]
[WhiteClock "00:13:59"]
[BlackClock "00:24:58"]
[WhiteTeam "Niedersachsen"]
[BlackTeam "Thüringen"]
[PlyCount "59"]
[WhiteFideId "24661589"]
[BlackFideId "16236947"]
[EventCountry "GER"]
[EventRounds "7"]
[EventType "team-swiss"]
[EventDate "2018.10.02"]

1. e4 c5 {[%clk 1:30:57]} 2. Nf3 {[%clk 1:30:59]} d6 {[%clk 1:31:25]} 3. d4
{[%clk 1:31:53]} cxd4 {[%clk 1:31:49]} 4. Nxd4 {[%clk 1:32:18]} Nf6 {[%clk
1:32:04]} 5. Nc3 {[%clk 1:32:43]} a6 {[%clk 1:32:15]} 6. Be3 {[%clk 1:33:02]}
e5 {[%clk 1:32:16]} 7. Nb3 {[%clk 1:33:25]} Be6 {[%clk 1:32:03]} 8. f3 {[%clk
1:33:38]} Be7 {[%clk 1:31:53]} 9. Qd2 {[%clk 1:33:43]} h5 {[%clk 1:31:28]} 10.
O-O-O {[%clk 1:30:43]} Nbd7 {[%clk 1:30:57]} 11. h3 {[%clk 1:29:13]} h4 {[%clk
1:29:29]} 12. Kb1 {[%clk 1:20:25]} Rc8 {[%clk 1:28:29]} 13. Bd3 {[%clk
1:19:01]} Nh5 {[%clk 1:13:48]} 14. Nd5 {[%clk 1:10:05]} Bxd5 {[%clk 1:08:16]}
15. exd5 {[%clk 1:10:12]} Ng3 {[%clk 1:07:07]} 16. Rhe1 {[%clk 1:09:56]} Nf6
{[%clk 0:57:35]} 17. Bf2 {[%clk 1:03:27]} Nfh5 {[%clk 0:54:24]} 18. Qb4 {[%clk
0:56:34]} b5 {[%clk 0:50:52]} 19. Bxg3 {[%clk 0:40:10]} hxg3 {[%clk 0:49:04]}
20. a4 {[%clk 0:30:37]} bxa4 {[%clk 0:44:27]} 21. Qxa4+ {[%clk 0:30:39]} Kf8
{[%clk 0:43:47]} 22. Na5 {[%clk 0:26:43]} Qb6 {[%clk 0:42:28]} 23. Nc6 {[%clk
0:25:45]} Nf4 {[%clk 0:39:26]} 24. Nxe7 {[%clk 0:19:32]} Kxe7 {[%clk 0:39:44]}
25. Qxf4 {[%clk 0:19:44]} Rb8 {[%clk 0:35:43]} 26. b3 {[%clk 0:18:53]} Qf2
{[%clk 0:29:09]} 27. Rxe5+ {[%clk 0:17:55]} Kf8 {[%clk 0:27:14]} 28. Rf5 {[%clk
0:16:15]} Qa7 {[%clk 0:24:55]} 29. Qxd6+ {[%clk 0:16:36]} Kg8 {[%clk 0:24:58]}
30. Re1 {[%clk 0:13:59]} 1-0

[Event "Deutsche Ländermeisterschaft 2018"]
[Site "Würzburg GER"]
[Date "2018.10.03"]
[Round "1"]
[White "Riehle, Marco"]
[Black "Gschnitzer, Adrian"]
[Result "1/2-1/2"]
[Termination "normal"]
[Board "3.1"]
[WhiteTitle "FM"]
[WhiteElo "2265"]
[BlackElo "2353"]
[WhiteClock "00:45:44"]
[BlackClock "01:09:55"]
[WhiteTeam "Baden 2"]
[BlackTeam "Baden 1"]
[PlyCount "44"]
[WhiteFideId "12904392"]
[BlackFideId "1270337"]
[EventCountry "GER"]
[EventRounds "7"]
[EventType "team-swiss"]
[EventDate "2018.10.02"]

1. e4 {[%clk 1:30:40]} c5 {[%clk 1:30:46]} 2. Nf3 {[%clk 1:30:34]} Nc6 {[%clk
1:30:58]} 3. d4 {[%clk 1:30:35]} cxd4 {[%clk 1:31:00]} 4. Nxd4 {[%clk 1:30:08]}
e5 {[%clk 1:29:07]} 5. Nb5 {[%clk 1:29:07]} d6 {[%clk 1:29:16]} 6. N1c3 {[%clk
1:27:06]} a6 {[%clk 1:28:12]} 7. Na3 {[%clk 1:27:29]} b5 {[%clk 1:28:15]} 8.
Nd5 {[%clk 1:27:16]} Nge7 {[%clk 1:27:42]} 9. c4 {[%clk 1:23:56]} Nxd5 {[%clk
1:26:22]} 10. cxd5 {[%clk 1:23:55]} Nd4 {[%clk 1:26:08]} 11. Be3 {[%clk
1:21:20]} g6 {[%clk 1:25:57]} 12. Bd3 {[%clk 1:20:13]} Bg7 {[%clk 1:25:57]} 13.
O-O {[%clk 1:20:11]} O-O {[%clk 1:25:48]} 14. Nc2 {[%clk 1:15:25]} Nxc2 {[%clk
1:23:18]} 15. Qxc2 {[%clk 1:15:27]} Bd7 {[%clk 1:23:34]} 16. Rac1 {[%clk
1:10:29]} Rc8 {[%clk 1:22:16]} 17. Qd2 {[%clk 1:10:05]} f5 {[%clk 1:20:52]} 18.
Rxc8 {[%clk 1:04:18]} Qxc8 {[%clk 1:17:48]} 19. Rc1 {[%clk 1:02:39]} Qb7 {[%clk
1:15:43]} 20. Qb4 {[%clk 0:57:07]} f4 {[%clk 1:11:32]} 21. Bd2 {[%clk 0:46:45]}
Qb6 {[%clk 1:11:00]} 22. a4 {[%clk 0:45:44]} Bf6 {[%clk 1:09:55]} 1/2-1/2

[Event "Deutsche Ländermeisterschaft 2018"]
[Site "Würzburg GER"]
[Date "2018.10.03"]
[Round "1"]
[White "Schmider, Niklas"]
[Black "Joeres, Stefan"]
[Result "1/2-1/2"]
[Termination "normal"]
[Board "3.2"]
[WhiteElo "2190"]
[BlackElo "2039"]
[WhiteClock "00:09:05"]
[BlackClock "00:39:04"]
[WhiteTeam "Baden 1"]
[BlackTeam "Baden 2"]
[PlyCount "58"]
[WhiteFideId "12993778"]
[BlackFideId "12983160"]
[EventCountry "GER"]
[EventRounds "7"]
[EventType "team-swiss"]
[EventDate "2018.10.02"]

1. e4 {[%clk 1:30:30]} c5 {[%clk 1:30:54]} 2. Nf3 {[%clk 1:31:23]} Nc6 {[%clk
1:31:20]} 3. d4 {[%clk 1:31:48]} cxd4 {[%clk 1:31:49]} 4. Nxd4 {[%clk 1:32:11]}
g6 {[%clk 1:32:16]} 5. c4 {[%clk 1:32:17]} Bg7 {[%clk 1:32:09]} 6. Be3 {[%clk
1:32:40]} Nf6 {[%clk 1:32:33]} 7. Nc3 {[%clk 1:33:02]} O-O {[%clk 1:32:56]} 8.
Be2 {[%clk 1:33:09]} Nxd4 {[%clk 1:33:16]} 9. Bxd4 {[%clk 1:33:21]} d6 {[%clk
1:33:42]} 10. Qd2 {[%clk 1:29:32]} Qa5 {[%clk 1:31:54]} 11. f3 {[%clk 1:28:07]}
Be6 {[%clk 1:32:12]} 12. a3 {[%clk 1:11:34]} Rfc8 {[%clk 1:29:38]} 13. b4
{[%clk 1:08:55]} Qd8 {[%clk 1:26:42]} 14. Nd5 {[%clk 1:06:53]} Bxd5 {[%clk
1:26:39]} 15. exd5 {[%clk 1:06:35]} Nd7 {[%clk 1:26:14]} 16. Bxg7 {[%clk
1:04:09]} Kxg7 {[%clk 1:26:43]} 17. O-O {[%clk 0:58:30]} a5 {[%clk 1:24:45]}
18. Kh1 {[%clk 0:56:16]} axb4 {[%clk 1:17:20]} 19. axb4 {[%clk 0:56:27]} Rxa1
{[%clk 1:17:41]} 20. Rxa1 {[%clk 0:56:39]} Ra8 {[%clk 1:18:08]} 21. Re1 {[%clk
0:53:46]} Qb6 {[%clk 1:12:55]} 22. Bd1 {[%clk 0:49:48]} Qd8 {[%clk 1:04:39]}
23. h3 {[%clk 0:38:37]} Nf6 {[%clk 1:01:42]} 24. Qd4 {[%clk 0:32:31]} Qd7
{[%clk 0:59:11]} 25. Bb3 {[%clk 0:30:33]} Qc7 {[%clk 0:48:17]} 26. c5 {[%clk
0:23:20]} Rd8 {[%clk 0:42:30]} 27. Rc1 {[%clk 0:18:56]} dxc5 {[%clk 0:41:03]}
28. bxc5 {[%clk 0:18:48]} Kg8 {[%clk 0:40:38]} 29. Rd1 {[%clk 0:09:05]} Nxd5
{[%clk 0:39:04]} 1/2-1/2

[Event "Deutsche Ländermeisterschaft 2018"]
[Site "Würzburg GER"]
[Date "2018.10.03"]
[Round "1"]
[White "Doll, Alexander"]
[Black "Mütsch, Annmarie"]
[Result "1/2-1/2"]
[Termination "normal"]
[Board "3.3"]
[WhiteElo "2153"]
[BlackElo "2194"]
[WhiteClock "00:38:43"]
[BlackClock "00:09:23"]
[WhiteTeam "Baden 2"]
[BlackTeam "Baden 1"]
[PlyCount "50"]
[WhiteFideId "16228294"]
[BlackFideId "12971367"]
[EventCountry "GER"]
[EventRounds "7"]
[EventType "team-swiss"]
[EventDate "2018.10.02"]

1. e4 {[%clk 1:30:57]} c5 {[%clk 1:30:53]} 2. c3 {[%clk 1:31:22]} d5 {[%clk
1:31:19]} 3. exd5 {[%clk 1:31:48]} Qxd5 {[%clk 1:31:42]} 4. d4 {[%clk 1:32:15]}
Bf5 {[%clk 1:32:01]} 5. Nf3 {[%clk 1:31:22]} Nc6 {[%clk 1:32:22]} 6. Be3 {[%clk
1:29:23]} cxd4 {[%clk 1:32:28]} 7. Nxd4 {[%clk 1:27:44]} Nf6 {[%clk 1:31:06]}
8. Qb3 {[%clk 1:22:51]} Nxd4 {[%clk 0:54:27]} 9. Bxd4 {[%clk 1:16:09]} e5
{[%clk 0:48:19]} 10. Qb5+ {[%clk 0:57:51]} Qxb5 {[%clk 0:44:38]} 11. Bxb5+
{[%clk 0:57:57]} Bd7 {[%clk 0:45:03]} 12. Bxd7+ {[%clk 0:58:03]} Nxd7 {[%clk
0:40:40]} 13. Be3 {[%clk 0:57:28]} f5 {[%clk 0:39:36]} 14. f3 {[%clk 0:55:03]}
O-O-O {[%clk 0:19:09]} 15. Nd2 {[%clk 0:50:08]} Nc5 {[%clk 0:16:28]} 16. Bxc5
{[%clk 0:49:39]} Bxc5 {[%clk 0:16:52]} 17. O-O-O {[%clk 0:49:28]} Be3 {[%clk
0:13:47]} 18. Rhe1 {[%clk 0:47:26]} Bxd2+ {[%clk 0:13:00]} 19. Rxd2 {[%clk
0:47:45]} Rxd2 {[%clk 0:13:26]} 20. Kxd2 {[%clk 0:48:11]} Re8 {[%clk 0:13:01]}
21. g4 {[%clk 0:43:37]} fxg4 {[%clk 0:11:00]} 22. fxg4 {[%clk 0:43:27]} Kd7
{[%clk 0:11:12]} 23. Rf1 {[%clk 0:43:31]} Ke6 {[%clk 0:10:57]} 24. Ke3 {[%clk
0:43:18]} Rd8 {[%clk 0:10:38]} 25. a3 {[%clk 0:38:43]} Rc8 {[%clk 0:09:23]}
1/2-1/2

[Event "Deutsche Ländermeisterschaft 2018"]
[Site "Würzburg GER"]
[Date "2018.10.03"]
[Round "1"]
[White "Wu, Leon"]
[Black "Riegel, Arinna"]
[Result "0-1"]
[Termination "normal"]
[Board "3.4"]
[WhiteElo "2009"]
[BlackElo "1881"]
[WhiteClock "00:28:55"]
[BlackClock "00:24:37"]
[WhiteTeam "Baden 1"]
[BlackTeam "Baden 2"]
[PlyCount "104"]
[WhiteFideId "12977438"]
[BlackFideId "12931446"]
[EventCountry "GER"]
[EventRounds "7"]
[EventType "team-swiss"]
[EventDate "2018.10.02"]

1. e4 {[%clk 1:30:52]} c5 {[%clk 1:30:50]} 2. Nf3 {[%clk 1:31:16]} a6 {[%clk
1:31:09]} 3. Nc3 {[%clk 1:30:31]} Nc6 {[%clk 1:31:12]} 4. a4 {[%clk 1:24:37]}
e6 {[%clk 1:31:03]} 5. d4 {[%clk 1:24:18]} cxd4 {[%clk 1:31:19]} 6. Nxd4 {[%clk
1:24:21]} Qc7 {[%clk 1:31:27]} 7. Be2 {[%clk 1:23:49]} Nf6 {[%clk 1:31:51]} 8.
O-O {[%clk 1:22:27]} Be7 {[%clk 1:32:10]} 9. Kh1 {[%clk 1:20:54]} d6 {[%clk
1:23:40]} 10. Be3 {[%clk 1:18:28]} Bd7 {[%clk 1:23:13]} 11. Qd2 {[%clk
1:16:30]} Rd8 {[%clk 1:21:52]} 12. Nb3 {[%clk 1:14:57]} Na5 {[%clk 1:05:49]}
13. Nxa5 {[%clk 1:09:16]} Qxa5 {[%clk 1:02:55]} 14. Rfb1 {[%clk 1:04:24]} Bc6
{[%clk 0:47:57]} 15. b4 {[%clk 1:00:40]} Qc7 {[%clk 0:48:11]} 16. a5 {[%clk
0:55:37]} Rd7 {[%clk 0:32:23]} 17. f3 {[%clk 0:52:41]} d5 {[%clk 0:28:24]} 18.
Bb6 {[%clk 0:48:15]} dxe4 {[%clk 0:20:47]} 19. Qg5 {[%clk 0:39:01]} Qc8 {[%clk
0:20:19]} 20. Ra3 {[%clk 0:32:10]} Nd5 {[%clk 0:13:06]} 21. Qg3 {[%clk
0:29:48]} exf3 {[%clk 0:06:52]} 22. Bxf3 {[%clk 0:25:02]} Nxb4 23. Qxg7 {[%clk
0:24:06]} Rf8 {[%clk 0:06:32]} 24. Bh5 {[%clk 0:21:56]} Nxc2 {[%clk 0:05:16]}
25. Rf1 {[%clk 0:17:20]} Bxa3 {[%clk 0:04:16]} 26. Qf6 {[%clk 0:14:22]} Re7
{[%clk 0:02:22]} 27. Rf2 {[%clk 0:11:10]} Ne1 {[%clk 0:02:09]} 28. h3 {[%clk
0:06:43]} Bxg2+ {[%clk 0:01:57]} 29. Kh2 {[%clk 0:06:13]} Bd6+ {[%clk 0:01:55]}
30. Kg1 {[%clk 0:06:34]} Nd3 {[%clk 0:01:50]} 31. Rxg2 {[%clk 0:05:33]} Be5
{[%clk 0:02:10]} 32. Ne4 {[%clk 0:04:58]} Qc1+ {[%clk 0:01:52]} 33. Qf1 {[%clk
0:05:10]} Qxf1+ {[%clk 0:01:35]} 34. Kxf1 {[%clk 0:05:34]} Rd7 {[%clk 0:00:39]}
35. Rc2 {[%clk 0:01:10]} Ke7 {[%clk 0:00:42]} 36. Be2 {[%clk 0:00:50]} f5
{[%clk 0:00:50]} 37. Ng5 {[%clk 0:00:34]} Rg8 {[%clk 0:00:53]} 38. Nf3 {[%clk
0:00:36]} Bf4 {[%clk 0:00:45]} 39. Rc4 {[%clk 0:00:34]} Bg3 {[%clk 0:00:54]}
40. Nd4 {[%clk 0:00:33]} Ne5 {[%clk 0:01:03]} 41. Rc3 {[%clk 0:30:24]} Bh2
{[%clk 0:26:00]} 42. Nb3 {[%clk 0:28:50]} Rg3 43. Rxg3 {[%clk 0:29:13]} Bxg3
{[%clk 0:25:42]} 44. Nc5 {[%clk 0:29:27]} Rd5 {[%clk 0:25:06]} 45. Nxb7 {[%clk
0:29:43]} f4 {[%clk 0:24:27]} 46. Nc5 {[%clk 0:29:04]} f3 {[%clk 0:23:22]} 47.
Bxf3 {[%clk 0:29:15]} Nxf3 {[%clk 0:23:48]} 48. Kg2 {[%clk 0:28:58]} Bd6 {[%clk
0:24:12]} 49. Nxa6 {[%clk 0:28:52]} Ne5 {[%clk 0:24:00]} 50. Nc7 {[%clk
0:28:07]} Bxc7 {[%clk 0:23:50]} 51. Bxc7 {[%clk 0:28:32]} Nc6 {[%clk 0:24:16]}
52. a6 {[%clk 0:28:55]} Rd2+ {[%clk 0:24:37]} 1/2-1/2

[Event "Deutsche Ländermeisterschaft 2018"]
[Site "Würzburg GER"]
[Date "2018.10.03"]
[Round "1"]
[White "Doll, Rebecca"]
[Black "Hund, Sarah"]
[Result "0-1"]
[Termination "normal"]
[Board "3.5"]
[WhiteElo "1716"]
[BlackElo "2021"]
[WhiteClock "00:02:25"]
[BlackClock "00:29:55"]
[WhiteTeam "Baden 2"]
[BlackTeam "Baden 1"]
[PlyCount "105"]
[WhiteFideId "16236890"]
[BlackFideId "12923338"]
[EventCountry "GER"]
[EventRounds "7"]
[EventType "team-swiss"]
[EventDate "2018.10.02"]

1. e4 {[%clk 1:30:56]} e5 {[%clk 1:30:45]} 2. Nf3 {[%clk 1:31:20]} Nc6 {[%clk
1:30:58]} 3. Bc4 {[%clk 1:31:45]} Nf6 {[%clk 1:31:15]} 4. d3 {[%clk 1:32:10]}
Be7 {[%clk 1:31:15]} 5. O-O {[%clk 1:32:24]} d6 {[%clk 1:31:16]} 6. Bb3 {[%clk
1:32:19]} Bg4 {[%clk 1:30:45]} 7. Nbd2 {[%clk 1:23:36]} Nd7 {[%clk 1:25:24]} 8.
c3 {[%clk 1:06:53]} Nc5 {[%clk 1:20:42]} 9. Bc2 {[%clk 1:02:32]} Ne6 {[%clk
1:16:53]} 10. Qe1 {[%clk 0:51:44]} O-O {[%clk 1:07:38]} 11. h3 {[%clk 0:49:25]}
Bh5 {[%clk 1:07:18]} 12. Nh2 {[%clk 0:43:44]} Bg5 {[%clk 1:03:30]} 13. Ndf3
{[%clk 0:37:50]} Bxc1 {[%clk 1:01:01]} 14. Rxc1 {[%clk 0:36:26]} Qf6 {[%clk
0:59:46]} 15. Ng4 {[%clk 0:28:38]} Qe7 {[%clk 0:54:41]} 16. Qd2 {[%clk
0:19:36]} Nf4 {[%clk 0:52:53]} 17. d4 {[%clk 0:17:35]} Rad8 {[%clk 0:51:45]}
18. Qe3 {[%clk 0:13:43]} Bxg4 {[%clk 0:46:24]} 19. hxg4 {[%clk 0:14:02]} Qe6
{[%clk 0:46:15]} 20. Nh2 {[%clk 0:11:21]} Qxa2 {[%clk 0:42:19]} 21. g3 {[%clk
0:04:19]} Ng6 {[%clk 0:41:11]} 22. d5 {[%clk 0:03:18]} Nce7 {[%clk 0:40:43]}
23. b3 {[%clk 0:01:39]} c6 {[%clk 0:37:55]} 24. Qd2 {[%clk 0:01:16]} Qa5 {[%clk
0:37:22]} 25. Ra1 {[%clk 0:01:23]} Qb6 {[%clk 0:36:43]} 26. Kg2 {[%clk
0:01:41]} Nc8 {[%clk 0:33:43]} 27. Nf3 {[%clk 0:01:59]} Qc7 {[%clk 0:31:52]}
28. Rh1 {[%clk 0:02:07]} Qd7 {[%clk 0:31:24]} 29. Nh2 {[%clk 0:01:55]} f6
{[%clk 0:27:07]} 30. Qe2 {[%clk 0:02:11]} Rf7 {[%clk 0:26:44]} 31. Nf1 {[%clk
0:02:31]} b5 {[%clk 0:24:32]} 32. Ne3 {[%clk 0:02:19]} Nb6 {[%clk 0:23:08]} 33.
Bd3 {[%clk 0:02:07]} cxd5 {[%clk 0:20:47]} 34. exd5 {[%clk 0:02:11]} Qb7 {[%clk
0:18:47]} 35. c4 {[%clk 0:01:37]} Nf8 {[%clk 0:15:53]} 36. Rh2 {[%clk 0:01:31]}
g6 {[%clk 0:15:36]} 37. Rah1 {[%clk 0:01:21]} bxc4 {[%clk 0:13:30]} 38. bxc4
{[%clk 0:00:46]} Na4 {[%clk 0:12:28]} 39. Rb1 {[%clk 0:00:51]} Qc7 {[%clk
0:12:29]} 40. Qc2 {[%clk 0:01:15]} Nc5 {[%clk 0:12:35]} 41. Be2 {[%clk
0:01:08]} Rb8 {[%clk 0:10:48]} 42. Rhh1 {[%clk 0:28:18]} Qc8 {[%clk 0:39:41]}
43. Rxb8 {[%clk 0:17:08]} Qxb8 {[%clk 0:40:04]} 44. Ra1 {[%clk 0:16:40]} a6
{[%clk 0:38:48]} 45. Nd1 {[%clk 0:13:53]} Rb7 {[%clk 0:38:26]} 46. Ra2 {[%clk
0:12:24]} Nfd7 {[%clk 0:35:23]} 47. Bd3 {[%clk 0:10:04]} Rb3 {[%clk 0:33:16]}
48. Nb2 {[%clk 0:08:52]} Kg7 {[%clk 0:32:30]} 49. Be2 {[%clk 0:06:34]} Qb4
{[%clk 0:31:46]} 50. Nd3 {[%clk 0:03:03]} Nxd3 {[%clk 0:31:00]} 51. Bxd3 {[%clk
0:03:30]} Nc5 {[%clk 0:30:20]} 52. Be2 {[%clk 0:02:52]} a5 {[%clk 0:29:55]} 53.
Bd1 {[%clk 0:02:25]} *

[Event "Deutsche Ländermeisterschaft 2018"]
[Site "Würzburg GER"]
[Date "2018.10.03"]
[Round "1"]
[White "Parvanyan, Ashot"]
[Black "Silber, Kevin"]
[Result "1-0"]
[Termination "normal"]
[Board "4.1"]
[WhiteTitle "FM"]
[WhiteElo "2428"]
[BlackElo "2205"]
[WhiteClock "00:16:58"]
[BlackClock "00:14:07"]
[WhiteTeam "Schleswig-Holstein"]
[BlackTeam "SG Bremen / Niedersachsen"]
[PlyCount "93"]
[WhiteFideId "13307550"]
[BlackFideId "12930440"]
[EventCountry "GER"]
[EventRounds "7"]
[EventType "team-swiss"]
[EventDate "2018.10.02"]

1. e4 {[%clk 1:30:48]} e5 {[%clk 1:30:55]} 2. Nf3 {[%clk 1:30:56]} Nc6 {[%clk
1:31:17]} 3. d4 {[%clk 1:31:04]} exd4 {[%clk 1:31:39]} 4. Nxd4 {[%clk 1:31:29]}
Nf6 {[%clk 1:32:02]} 5. Nxc6 {[%clk 1:31:23]} bxc6 {[%clk 1:32:25]} 6. e5
{[%clk 1:31:49]} Qe7 {[%clk 1:32:46]} 7. Qe2 {[%clk 1:32:12]} Nd5 {[%clk
1:33:07]} 8. c4 {[%clk 1:31:57]} Ba6 {[%clk 1:33:30]} 9. Nd2 {[%clk 1:32:01]}
g6 {[%clk 1:32:23]} 10. Nf3 {[%clk 1:31:24]} Qb4+ {[%clk 1:31:19]} 11. Kd1
{[%clk 1:30:51]} Bg7 {[%clk 1:30:13]} 12. Qd2 {[%clk 1:27:16]} Qxd2+ {[%clk
1:30:26]} 13. Bxd2 {[%clk 1:27:20]} Nb6 {[%clk 1:29:43]} 14. b3 {[%clk
1:23:49]} O-O {[%clk 1:25:29]} 15. c5 {[%clk 1:23:41]} Bxf1 {[%clk 1:25:31]}
16. Rxf1 {[%clk 1:24:06]} Nd5 {[%clk 1:25:50]} 17. Rc1 {[%clk 1:24:30]} Rfe8
{[%clk 1:24:24]} 18. Re1 {[%clk 1:20:24]} Re6 {[%clk 1:20:19]} 19. Rc4 {[%clk
1:18:27]} Rae8 {[%clk 1:08:02]} 20. Ra4 {[%clk 1:09:38]} Ra8 {[%clk 1:03:40]}
21. Kc2 {[%clk 1:06:13]} Ree8 {[%clk 0:59:12]} 22. h4 {[%clk 0:52:09]} Bf8
{[%clk 0:50:27]} 23. Rc4 {[%clk 0:51:08]} Rab8 {[%clk 0:42:41]} 24. Nd4 {[%clk
0:41:48]} Bg7 {[%clk 0:36:53]} 25. f4 {[%clk 0:40:48]} h5 {[%clk 0:21:18]} 26.
Ra4 {[%clk 0:37:30]} Ra8 {[%clk 0:18:43]} 27. Rg1 {[%clk 0:25:59]} Bh6 {[%clk
0:12:17]} 28. g3 {[%clk 0:22:59]} a6 {[%clk 0:11:23]} 29. Kd3 {[%clk 0:17:45]}
f6 {[%clk 0:07:39]} 30. e6 {[%clk 0:16:31]} dxe6 {[%clk 0:06:24]} 31. Nxc6
{[%clk 0:15:47]} e5 {[%clk 0:04:26]} 32. fxe5 {[%clk 0:12:25]} Bxd2 {[%clk
0:04:32]} 33. Kxd2 {[%clk 0:12:41]} fxe5 {[%clk 0:02:32]} 34. Re1 {[%clk
0:11:09]} Ne7 {[%clk 0:02:24]} 35. Nxe5 {[%clk 0:03:23]} Nf5 {[%clk 0:01:44]}
36. Nd3 {[%clk 0:01:16]} Red8 {[%clk 0:01:46]} 37. Kc2 {[%clk 0:00:39]} Rd7
{[%clk 0:00:54]} 38. Nf4 {[%clk 0:00:39]} Kh7 {[%clk 0:00:39]} 39. Ne6 {[%clk
0:00:35]} Kg8 {[%clk 0:00:39]} 40. g4 {[%clk 0:00:33]} hxg4 {[%clk 0:00:44]}
41. Rxg4 {[%clk 0:00:45]} Re7 {[%clk 0:26:27]} 42. h5 {[%clk 0:24:40]} Rae8
{[%clk 0:18:08]} 43. Rxg6+ {[%clk 0:21:23]} Kh8 {[%clk 0:18:19]} 44. Kc3 {[%clk
0:20:58]} Rh7 45. Reg1 Ne7 {[%clk 0:13:58]} 46. R6g5 {[%clk 0:17:31]} c6 {[%clk
0:14:07]} 47. Nf4 {[%clk 0:16:58]} 1-0

[Event "Deutsche Ländermeisterschaft 2018"]
[Site "Würzburg GER"]
[Date "2018.10.03"]
[Round "1"]
[White "Steffens, Oliver"]
[Black "Kololli, Martin"]
[Result "0-1"]
[Termination "normal"]
[Board "4.2"]
[BlackTitle "FM"]
[WhiteElo "1960"]
[BlackElo "2331"]
[WhiteClock "01:08:42"]
[BlackClock "01:00:03"]
[WhiteTeam "SG Bremen / Niedersachsen"]
[BlackTeam "Schleswig-Holstein"]
[PlyCount "80"]
[WhiteFideId "12947148"]
[BlackFideId "12936910"]
[EventCountry "GER"]
[EventRounds "7"]
[EventType "team-swiss"]
[EventDate "2018.10.02"]

1. e4 {[%clk 1:30:53]} e5 {[%clk 1:30:47]} 2. Nf3 {[%clk 1:31:16]} Nc6 {[%clk
1:31:12]} 3. Bb5 {[%clk 1:31:32]} a6 {[%clk 1:31:36]} 4. Bxc6 {[%clk 1:31:44]}
dxc6 {[%clk 1:31:57]} 5. O-O {[%clk 1:32:09]} Ne7 {[%clk 1:32:07]} 6. Nxe5
{[%clk 1:32:25]} Qd4 {[%clk 1:32:10]} 7. Qh5 {[%clk 1:32:30]} g6 {[%clk
1:31:55]} 8. Nf3 {[%clk 1:32:47]} Qxe4 {[%clk 1:31:00]} 9. Qa5 {[%clk 1:33:01]}
Bg4 {[%clk 1:30:30]} 10. Qc3 {[%clk 1:32:52]} Rg8 {[%clk 1:25:58]} 11. Ng5
{[%clk 1:33:07]} Qf5 {[%clk 1:19:36]} 12. d3 {[%clk 1:33:22]} Nd5 {[%clk
0:59:03]} 13. Qc4 {[%clk 1:22:28]} Be7 {[%clk 0:56:01]} 14. f3 {[%clk 1:21:02]}
Bxg5 {[%clk 0:55:58]} 15. fxg4 {[%clk 1:14:48]} Be3+ {[%clk 0:56:01]} 16. Bxe3
{[%clk 1:14:50]} Qxf1+ {[%clk 0:56:25]} 17. Kxf1 {[%clk 1:15:03]} Nxe3+ {[%clk
0:56:50]} 18. Kf2 {[%clk 1:15:10]} Nxc4 {[%clk 0:57:14]} 19. dxc4 {[%clk
1:15:34]} O-O-O {[%clk 0:57:37]} 20. Na3 {[%clk 1:14:57]} Rge8 {[%clk 0:57:43]}
21. Rf1 {[%clk 1:13:40]} Rd2+ {[%clk 0:57:42]} 22. Kg3 {[%clk 1:13:46]} Re3+
{[%clk 0:57:31]} 23. Kf4 {[%clk 1:13:04]} Ree2 {[%clk 0:57:47]} 24. Kg5 {[%clk
1:13:16]} Rf2 {[%clk 0:58:02]} 25. Re1 {[%clk 1:13:18]} Rde2 {[%clk 0:58:14]}
26. Rd1 {[%clk 1:12:54]} Rxg2 {[%clk 0:58:20]} 27. h3 {[%clk 1:12:58]} f5
{[%clk 0:58:01]} 28. Rd4 {[%clk 1:08:31]} c5 {[%clk 0:58:28]} 29. Rf4 {[%clk
1:08:21]} Ref2 {[%clk 0:57:31]} 30. b3 {[%clk 1:07:49]} Rxf4 {[%clk 0:57:52]}
31. Kxf4 {[%clk 1:08:13]} fxg4 {[%clk 0:58:16]} 32. hxg4 {[%clk 1:08:36]} h5
{[%clk 0:58:42]} 33. gxh5 {[%clk 1:08:44]} gxh5 {[%clk 0:59:07]} 34. Kf3 {[%clk
1:09:12]} Rg8 {[%clk 0:58:54]} 35. Nb1 {[%clk 1:08:22]} h4 {[%clk 0:59:03]} 36.
Nd2 {[%clk 1:08:40]} h3 {[%clk 0:59:25]} 37. Nf1 {[%clk 1:08:38]} Rg1 {[%clk
0:59:05]} 38. Kf2 {[%clk 1:07:57]} Rg2+ {[%clk 0:59:29]} 39. Kf3 {[%clk
1:08:19]} Rxc2 {[%clk 0:59:48]} 40. Kg3 {[%clk 1:08:42]} Rxa2 {[%clk 1:00:03]}
0-1